000 00503nam a2200169Ia 4500
008 220216s9999 xx 000 0 und d
100 _aMahat M S
245 0 _aRhizopus oligosporus grown on natural rubber waste serum for production of single cell protein: A preliminary study
260 _bWorld J Microbiol biotech
_c1992
300 _a63-64
500 _aSource Year: 1992
650 _aNatural rubber
650 _aRhizopus oligosporus
700 _aMacrae I C
856 _uBA
942 _cJS
999 _c67101
_d67101